Páginas originales : (Record no. 23096)

MARC details
000 -LEADER
campo de control de longitud fija 00629nam a2200169 i 4500
001 - NÚMERO DE CONTROL
campo de control 23096
003 - IDENTIFICADOR DE NÚMERO DE CONTROL
campo de control ES-MaACL
005 - FECHA Y HORA DE LA ÚLTIMA TRANSACCIÓN
campo de control 20230906152821.0
007 - CAMPO FIJO DE DESCRIPCIÓN FÍSICA--INFORMACIÓN GENERAL
campo de control de longitud fija t|
008 - DATOS DE LONGITUD FIJA--INFORMACIÓN GENERAL
campo de control de longitud fija 021209s1886 sp ||||1| spa d
100 1# - ENTRADA PRINCIPAL--NOMBRE DE PERSONA
Nombre de persona Almudevar y Castillo, Valero.
9 (RLIN) 20162
245 10 - MENCIÓN DEL TÍTULO
Título Páginas originales :
Resto del título (memorias de un maestro de escuela) : dedicadas al Excmo. Sr. D. Práxedes Mateo Sagasta... /
Mención de responsabilidad, etc. por Valero Almudevar.
260 ## - PUBLICACIÓN, DISTRIBUCIÓN, ETC.
Lugar de publicación, distribución, etc. Madrid :
Nombre del editor, distribuidor, etc. [s.n.],
Fecha de publicación, distribución, etc. 1886 (
Fabricante Tip. de M.P. Montoya)
300 ## - DESCRIPCIÓN FÍSICA
Extensión 152 p. ;
Dimensiones 17 cm.
852 4# - LOCALIZACIÓN
Ubicación ES-MaACL
Número de control de estantería L-4900
852 4# - LOCALIZACIÓN
Ubicación ES-MaACL
Número de control de estantería T-947-F-5
Nota libre - Donativo Ministerio de Fomento
Holdings
Estatus retirado Estado de pérdida Estado de daño No para préstamo Colección Biblioteca de origen Biblioteca actual Ubicación en estantería Fecha de adquisición Fuente de adquisición Total de préstamos Signatura topográfica completa Código de barras Visto por última vez Precio de reemplazo Tipo de ítem Koha
        Colección de folletos Biblioteca del Ateneo de Madrid Biblioteca del Ateneo de Madrid Depósito folletos 13/03/2018     T-947-F-5 1198474 23/02/2023 23/02/2023 Folleto
        Libros del s. XIX Biblioteca del Ateneo de Madrid Biblioteca del Ateneo de Madrid Depósito 2 17/01/2008     L-4900 1023796 23/02/2023 23/02/2023 Libro impreso antiguo